000
00336nam a2200133Ia 4500
008
240624s9999 xx 000 0 und d
041
_a
eng
082
_a
330.16 CHO
100
_a
CHOPRA DEEPAK
245
_a
CREATING AFFLUENCE WEALTH CONSCIOUSNESS
260
_c
2000
_a
New Delhi
_b
Excel Books
300
_a
101 : p. ; 18cm.
365
_c
RS
999
_c
2470
_d
2470